• 首页
  • 本馆介绍
  • 公告通知
  • 最新文献
  • 馆藏检索
  • 电子资源
  • 读者导购
  • 参考咨询
  • 我的图书馆
  • 登录
  • 详细信息显示
  • 放入我的书架
  • 预约/预借图书
  • 作者相关作品
  • 分类相关作品
  • 丛书相关作品
  • 出版社相关作品

书目信息

  • 表格格式
  • 工作单格式
  • 卡片格式
题名:
手工
    
 
作者: 冉冉 主编
分册:  
出版信息: 武汉   武汉理工大学出版社  2015.01
页数: 120页
开本: 29cm
丛书名:
单 册:
中图分类: G613.6
科图分类:
主题词: 学前教育--手工课--幼儿师范学校--教材
电子资源:
ISBN: 978-7-5629-4418-8
000 00750nam0 2200229 450
001 0103152650
005 20201103152731.0
010    @a978-7-5629-4418-8@dCNY48.00
100    @a20150920e20192015em y0chiy50 ea
101 0  @achi
102    @aCN@b420000
105    @aa z 000yy
106    @ar
200 1  @a手工@Ashou gong@f冉冉主编
210    @a武汉@c武汉理工大学出版社@d2015.01@h2019.12
215    @a120页@c彩图@d29cm
330    @a本书内容分手工常识、纸材成型、泥材成型、纺织材料成型、自然物材成型、废旧材料成型,共六章,介绍了学前教育专业的手工基础知识和基本技能。
606 0  @a学前教育@x手工课@x幼儿师范学校@j教材
690    @aG613.6@v5
701  0 @a冉冉@Aran ran@4主编
801  0 @aCN@bBJSZM@c20201103
905    @b1256371-5@dG613.6@e1053@f5
    
    手工/冉冉主编.-武汉:武汉理工大学出版社,2015.01(2019.12)
    120页:彩图;29cm
    
    
    ISBN 978-7-5629-4418-8:CNY48.00
    本书内容分手工常识、纸材成型、泥材成型、纺织材料成型、自然物材成型、废旧材料成型,共六章,介绍了学前教育专业的手工基础知识和基本技能。
●
相关链接 在E读中查询图书 在五车中查询图书 在当当中查询图书 在豆瓣中查询图书


正题名:手工     索取号:G613.6/1053         预约/预借

序号 登录号 条形码 馆藏地/架位号 状态 备注
1 1256371   212563714   第一样本阅览室/ [索取号:G613.6/1053] 在馆    
2 1256372   212563723   教育系资料室/ [索取号:G613.6/1053] 在馆    
3 1256373   212563732   教育系资料室/ [索取号:G613.6/1053] 在馆    
4 1256374   212563741   第四借阅区/ [索取号:G613.6/1053] 在馆    
5 1256375   212563750   第四借阅区/ [索取号:G613.6/1053] 在馆    
唐山师范学院图书馆 欢迎您!
大连网信软件有限公司© 版权所有